Восставший из пепла: Роман

Bibliographic Details
Main Author: Злотников Р. В. Роман Валерьевич
Summary:Исключено из фонда НТБ ТПУ
Language:Russian
Published: Москва, Армада, 2000
Series:Фантастический боевик
Format: Book
KOHA link:https://koha.lib.tpu.ru/cgi-bin/koha/opac-detail.pl?biblionumber=15009

MARC

LEADER 00000nam0a2200000 4500
001 15009
005 20231030190001.0
010 |a 5935560070 
035 |a (RuTPU)RU\TPU\book\15111 
035 |a BOOK00015180 
090 |a 15009 
100 |a 20011209d2000 m y0rusy50 ca 
101 0 |a rus 
102 |a RU 
105 |a a z 000ay 
200 1 |a Восставший из пепла  |e Роман  |f Р. В. Злотников 
210 |a Москва  |c Армада  |c Альфа-книга  |d 2000 
215 |a 541 с.  |c ил. 
225 1 |a Фантастический боевик 
333 |a Исключено из фонда НТБ ТПУ 
700 1 |a Злотников  |b Р. В.  |g Роман Валерьевич 
801 0 |a RU  |b 63413507  |c 20011209  |g PSBO 
801 2 |a RU  |b 63413507  |c 20170615  |g PSBO 
942 |c BK